书目信息 |
| 题名: |
农民保障法律法规
|
|
| 作者: | 李勇 主编 | |
| 分册: | 下 | |
| 出版信息: | 汕头 汕头大学出版社 2017.10 |
|
| 页数: | 136页 | |
| 开本: | 22cm | |
| 丛书名: | 增收保障法律法规学习读本 | |
| 单 册: | ||
| 中图分类: | D923.804 | |
| 科图分类: | ||
| 主题词: | 农民--权益保护--法律--中国--学习参考资料 | |
| 电子资源: | ||
| ISBN: | 978-7-5658-3204-8 | |
| 000 | 01200oam2 2200253 45 | |
| 001 | 012001000356 | |
| 005 | 20180920111715.57 | |
| 010 | @a978-7-5658-3204-8@dCNY29.80 | |
| 100 | @a20171027d2017 em y0chiy0110 ea | |
| 101 | 0 | @achi |
| 102 | @aCN@b440000 | |
| 105 | @ay z 000yy | |
| 106 | @ar | |
| 200 | 1 | @a农民保障法律法规@9Nong Min Bao Zhang Fa Lv Fa Gui@h下@f李勇主编 |
| 210 | @a汕头@c汕头大学出版社@d2017.10 | |
| 215 | @a136页@d22cm | |
| 225 | 2 | @a增收保障法律法规学习读本 |
| 330 | @a本作品包括了广大人民群众应知应懂、实际实用的有关农民保障的法律法规,同时附录还列举了相应的释义解析、解读解答、案例分析、实施细则、政策制度、应用表格等内容,用以配套辅导学习。本套作品共计2册,本册包括《农村五保供养工作条例》《生活保障有关政策办法》《工伤保险条例》《国务院关于在全国建立农村最低生活保障制度的通知》《关于做好农村社会养老保险和被征地农民社会保障工作有关问题的通知》《关于做好农村最低生活保障制度与扶贫开发政策有效衔接的指导意见》等法律法规内容。 | |
| 461 | 0 | @12001 @a增收保障法律法规学习读本 |
| 606 | 0 | @a农民@x权益保护@x法律@y中国@j学习参考资料 |
| 690 | @aD923.804@v5 | |
| 701 | 0 | @a李勇@9Li Yong@4主编 |
| 801 | 0 | @aCN@b上海新华@c20180901 |
| 905 | @b1150204-08@dD923.804@e1854:2@f5 | |
| 农民保障法律法规.下/李勇主编.-汕头:汕头大学出版社,2017.10 |
| 136页;22cm.-(增收保障法律法规学习读本) |
| ISBN 978-7-5658-3204-8:CNY29.80 |
| 本作品包括了广大人民群众应知应懂、实际实用的有关农民保障的法律法规,同时附录还列举了相应的释义解析、解读解答、案例分析、实施细则、政策制度、应用表格等内容,用以配套辅导学习。本套作品共计2册,本册包括《农村五保供养工作条例》《生活保障有关政策办法》《工伤保险条例》《国务院关于在全国建立农村最低生活保障制度的通知》《关于做好农村社会养老保险和被征地农民社会保障工作有关问题的通知》《关于做好农村最低生活保障制度与扶贫开发政策有效衔接的指导意见》等法律法规内容。 |
| ● |
| 相关链接 |
|
|
|
|
正题名:农民保障法律法规
索取号:D923.804/1854:2
 
预约/预借
| 序号 | 登录号 | 条形码 | 馆藏地/架位号 | 状态 | 备注 |
| 1 | 1150204 | 211502042 | 第一样本阅览室/ [索取号:D923.804/1854:2] | 在馆 | |
| 2 | 1150205 | 211502051 | 第一借阅区/ [索取号:D923.804/1854:2] | 在馆 | |
| 3 | 1150206 | 211502060 | 第一借阅区/ [索取号:D923.804/1854:2] | 在馆 | |
| 4 | 1150207 | 211502079 | 密集书库-史法系/ [索取号:D923.804/1854:2] | 在馆 | |
| 5 | 1150208 | 211502088 | 第一借阅区/ [索取号:D923.804/1854:2] | 在馆 |